Loading...
| Mythology | 0 | 6 | 0 | 1 | 60 | 26 | 79.67 | 1 | 1 | 23.65 | 34.77 |
| Literature - World | 0 | 5 | 1 | 1 | 45 | 102 | 113.00 | 0 | 0 | 8.05 | 16.14 |
| Fine Arts - Painting and Sculpture | 0 | 4 | 0 | 1 | 40 | 79 | 103.00 | 0 | 1 | 6.60 | 12.58 |
| Literature - British | 0 | 4 | 2 | 0 | 30 | 106 | 118.50 | 0 | 0 | 7.17 | 13.03 |
| Literature - American | 0 | 3 | 1 | 2 | 25 | 99 | 115.67 | 0 | 0 | 5.35 | 12.95 |
| Fine Arts - Other | 0 | 2 | 0 | 1 | 20 | 118 | 126.50 | 0 | 0 | 0.00 | 5.00 |
| Religion | 0 | 2 | 0 | 0 | 20 | 102 | 110.50 | 0 | 0 | 1.91 | 9.55 |
| Literature - European | 0 | 2 | 0 | 0 | 20 | 81 | 94.50 | 0 | 0 | 6.79 | 7.95 |
| Science - Biology | 0 | 2 | 0 | 1 | 20 | 99 | 102.00 | 0 | 0 | 2.33 | 5.83 |
| Social Science | 0 | 1 | 0 | 0 | 10 | 102 | 102.00 | 0 | 0 | 0.56 | 2.50 |
| Other Academic | 0 | 1 | 0 | 1 | 10 | 93 | 93.00 | 0 | 0 | 7.78 | 6.25 |
| Fine Arts - Classical Music | 0 | 1 | 0 | 0 | 10 | 102 | 102.00 | 0 | 0 | 0.97 | 2.73 |
| Popular Culture | 0 | 0 | 0 | 0 | 0 | 0.00 | 0 | 0 | 0.00 | 0.00 | |
| Philosophy | 0 | 0 | 1 | 0 | -5 | 0.00 | 0 | 0 | 0.00 | 0.00 | |
| Science - Other | 0 | 0 | 1 | 0 | -5 | 0.00 | 0 | 0 | 0.00 | 0.00 |